00335nam a2200145Ia 4500008004000000041000800040082001700048100003000065245002000095260003800115300000800153650001000161650001000171650000800181210210b2005 xxu||||| |||| 00| 0 eng d aeng a891.463 OLIS aOLIVERA (Ronald Padukone) aSarga vaili mai aManglurbAshavadi Prakashanc2005 a111 availi aSarga amai